Desarrollo de un sistema interferométrico tipo Fi-zeau para la calibración de planos ópticos en el LAFTLA
Wedi'i Gadw mewn:
| Prif Awdur: | |
|---|---|
| Awduron Eraill: | |
| Fformat: | Llyfr |
| Iaith: | Spanish |
| Cyhoeddwyd: |
[San José , Costa Rica]
2019
|
| Pynciau: | |
| Tagiau: |
Ychwanegu Tag
Dim Tagiau, Byddwch y cyntaf i dagio'r cofnod hwn!
|
MARC
| LEADER | 00000nam a22000007a 4500 | ||
|---|---|---|---|
| 003 | 013135 | ||
| 005 | 20230508132952.0 | ||
| 008 | 191002b2019 c a||| |m|| 00| ||spa d | ||
| 040 | |c cru CEDI | ||
| 090 | |a TFG 8285 | ||
| 100 | |9 517 |a Solís Quirós, Kevin, 1992- | ||
| 245 | |a Desarrollo de un sistema interferométrico tipo Fi-zeau para la calibración de planos ópticos en el LAFTLA | ||
| 260 | |a [San José , Costa Rica] |c 2019 | ||
| 500 | |a Proyecto de graduación (licenciatura en ingeniería eléctrica)--Universidad de Costa Rica. Facultad de Ingeniería. Escuela de Ingeniería Eléctrica | ||
| 501 | |a Director de Proyecto de Graduación: Ing. Luis Diego Marín Naranjo, MSc. | ||
| 650 | |x CALIBRACION - PRUEBAS |x INTERFEROMETROS - MODELOS MATEMATICOS |x LUZ |x INSTRUMENTOS OPTICOS - PRUEBAS |x MEDICION | ||
| 700 | |9 326 |a Marín Naranjo, Luis Diego, 1960- |d Director del TFG | ||
| 942 | |c CEDI |h TFG 8285 |6 TFG_8285_000000000000000 | ||
| 999 | |c 21802 |d 21802 | ||
